| 000 | 00383nam a2200133Ia 4500 | ||
|---|---|---|---|
| 008 | 210430s9999 xx 000 0 und d | ||
| 020 | _a9789385039119 | ||
| 082 | _a620.11 R185E | ||
| 100 | _aRangwala, Late S.C. | ||
| 245 |
_aEngineering Materials 42nd _cRangwala, Late S.C. |
||
| 260 |
_aGujarat. _bCharotar Publishing House PVT LTD. _c2015 |
||
| 300 | _a480p. | ||
| 942 |
_cREF _2ddc |
||
| 999 |
_c565768 _d565768 |
||